Tự học Internet : 24 bài học căn bản
Quyển sách bao gồm 2 phần: Gồm 24 bài học căn bản về Internet và giới thiệu chung về các trình duyệt Internet Explorer 5 và NetCape Navigator 4.6
Uloženo v:
| Hlavní autor: | |
|---|---|
| Médium: | Kniha |
| Jazyk: | Undetermined |
| Vydáno: |
Tp. HCM
Thống Kê
2000
|
| Témata: | |
| Tagy: |
Přidat tag
Žádné tagy, Buďte první, kdo otaguje tento záznam!
|
| Thư viện lưu trữ: | Trung tâm Học liệu Trường Đại học Cần Thơ |
|---|
| LEADER | 00994nam a2200241Ia 4500 | ||
|---|---|---|---|
| 001 | CTU_41746 | ||
| 008 | 210402s9999 xx 000 0 und d | ||
| 020 | |b 75.000đ | ||
| 020 | |c 75000 | ||
| 082 | |a 004.6 | ||
| 082 | |b D513 | ||
| 100 | |a Nguyễn, Anh Dũng | ||
| 245 | 0 | |a Tự học Internet : | |
| 245 | 0 | |b 24 bài học căn bản | |
| 245 | 0 | |c Nguyễn Anh Dũng, Nguyễn Tâm | |
| 260 | |a Tp. HCM | ||
| 260 | |b Thống Kê | ||
| 260 | |c 2000 | ||
| 520 | |a Quyển sách bao gồm 2 phần: Gồm 24 bài học căn bản về Internet và giới thiệu chung về các trình duyệt Internet Explorer 5 và NetCape Navigator 4.6 | ||
| 650 | |a Communication,Information networks,Internet (computer network),Internet (computer programs),Network analysis,Programming languages (electronic computers) | ||
| 650 | |x Network analysis,Computer programs | ||
| 904 | |i Minh, 010606 | ||
| 980 | |a Trung tâm Học liệu Trường Đại học Cần Thơ | ||